| 000 | 00000nam##2200000za#4500 |
| 001 | 9.699121 |
| 003 | CaOODSP |
| 005 | 20240527135429 |
| 007 | cr ||||||||||| |
| 008 | 150407|2006||||xxc|||||o f|0| 0 eng|d |
| 040 | |aCaOODSP|beng |
| 043 | |an-cn--- |
| 086 | 1 |aCW66-401/2006E-PDF |
| 110 | 2 |aCanadian Wildlife Service. |
| 245 | 10|aShorebird Conservation Strategy and Action plan : |h[electronic resource]|bNorthern Conservation Division / |c[published by the] Prairie and Northern Region. |
| 246 | 1 |aNCD – Shorebird Conservation Strategy and Action Plan |
| 260 | |aYellowknife - Northwest Territories : |bEnvironment Canada. |cNovember 2006. |
| 300 | |a20p.|bcoloured map, illus., tables |
| 590 | |a14-21-Supp|b2014-12-11 |
| 690 | 07|aBirds|2gcpds |
| 690 | 07|aEnvironmental conservation|2gcpds |
| 856 | 40|ahttp://publications.gc.ca|qPDF|s523 KB|uhttps://publications.gc.ca/collections/collection_2014/ec/CW66-401-2006-eng.pdf |